Music Quiz

Random Music or Clickable Quiz

Quick Pick: Wintersun Songs Quiz Stats

Quiz not verified by Sporcle

Challenge
Share
Tweet
Embed
Score 0/17 Timer 02:00
0 Plays Today
% Correct
Awaken
100%
Winter
88.5%
Against
86.9%
Healing
86.9%
Sorrow
86.9%
Fades
85.2%
Death
83.6%
Weeps
83.3%
Autumn
83.3%
% Correct
Starchild
82%
Dark
80.3%
Madness
80.3%
Sadness
80.3%
Time
77%
Sleeping
73.8%
Darkness
73.8%
Loneliness
50%

You're not logged in!

Compare scores with friends on all Sporcle quizzes.
Join for Free
OR
Log In

You Might Also Like...

Show Comments

Extras

Top Quizzes Today


Score Distribution

Your Account Isn't Verified!

In order to create a playlist on Sporcle, you need to verify the email address you used during registration. Go to your Sporcle Settings to finish the process.

Report this User

Report this user for behavior that violates our Community Guidelines.

Details: